000 00489nmm a2200169Ia 4500
008 251105s9999||||xx |||||||||||||||||und||
020 _a9788475229041
041 _aspa
100 _aBenedetti, Mario
245 0 _aInventario uno (parte primera) 1950- 1985
264 _a[Madrid, España] :
_bVisor Libros,
_c2009
300 _a170 páginas
490 _aVisor de Poesía
650 _aLatin American poetry
856 _uhttps://public.digitaliapublishing.com/a/76767
942 _cCF
999 _c85055
_d85055